| 000 | 01051nam a22003375i 4500 | ||
|---|---|---|---|
| 999 |
_c29246 _d29217 |
||
| 001 | 21443538 | ||
| 003 | EG-ScBUE | ||
| 005 | 20210727092401.0 | ||
| 008 | 200221s2020 nyuo f bd 001 0 eng d | ||
| 020 | _a9780500294635 | ||
| 040 |
_aDLC _beng _erda _cDLC _dEG-ScBUE |
||
| 082 | 0 | 4 |
_a759.06 _bHUD _222 |
| 100 | 1 |
_aHudson, Suzanne, _eauthor. |
|
| 245 | 1 | 0 |
_aContemporary painting / _cSuzanne Hudson. |
| 264 | 1 |
_aNew York : _bThames & Hudson Inc., _c2020. |
|
| 300 |
_a319 pages : _bphotographs ; _c20 cm. |
||
| 336 |
_atext _btxt _2rdacontent |
||
| 337 |
_aunmediated _bn _2rdamedia |
||
| 338 |
_avolume _bnc _2rdacarrier |
||
| 490 | 0 | _aWorld of art | |
| 500 | _aIncludes glossary. | ||
| 504 | _aIncludes bibliographical references and index. | ||
| 650 | 4 |
_aPainting, Modern _y20th century. _2BUEsh |
|
| 650 | 4 |
_aPainting _xAppreciation. _2BUEsh |
|
| 653 |
_bGGEN _cJuly2021 |
||
| 655 |
_vReading book _934232 |
||
| 906 |
_a0 _bibc _corignew _d2 _eepcn _f20 _gy-gencatlg |
||
| 942 |
_2ddc _cBB |
||